000
00231nam a2200097Ia 4500
008
201210s9999 xx 000 0 und d
100
_a
Branch, Allan
245
0
_a
Elements of Shipping
260
_a
USA
_b
Chapman and Hall,
942
_c
BK
999
_c
5525
_d
5525